Hướng dẫn thực hành kế toán doanh nghiệp lập và phân tích báo cáo tài chính
Сохранить в:
| Главный автор: | |
|---|---|
| Формат: | |
| Язык: | Undetermined |
| Опубликовано: |
Thống kê
2001
|
| Метки: |
Добавить метку
Нет меток, Требуется 1-ая метка записи!
|
| Thư viện lưu trữ: | Trung tâm Học liệu Trường Đại học Cần Thơ |
|---|
| LEADER | 00491nam a2200145Ia 4500 | ||
|---|---|---|---|
| 001 | CTU_48240 | ||
| 008 | 210402s9999 xx 000 0 und d | ||
| 082 | |a 657.3 | ||
| 082 | |b D561 | ||
| 100 | |a BÙI VĂN DƯƠNG | ||
| 245 | 0 | |a Hướng dẫn thực hành kế toán doanh nghiệp lập và phân tích báo cáo tài chính | |
| 245 | 0 | |c BÙI VĂN DƯƠNG | |
| 260 | |b Thống kê | ||
| 260 | |c 2001 | ||
| 980 | |a Trung tâm Học liệu Trường Đại học Cần Thơ | ||